000 00653nam a2200229Ia 4500
003 OSt
005 20221006142704.0
006 a|||||r|||| 00| 0
007 ta
008 221006b |||||||| |||| 00| 0 eng d
024 _a6,949
037 _bGift, Japan Foundation
_cTextual
040 _aEASL
_cEASL
_beng
041 _2eng
_aeng
082 _aP42, N3
100 _aMAKINO Taka-Yoshi
_9648183
245 0 _aPerspectives on second language acquisition
260 _aTokyo
_bYumi Press Japan
_c1993
300 _a155p.
_ccm.
942 _hP42, N3
_cTEXL
_2CC
999 _c1075035
_d1075035